000 00648nam a22002297a 4500
001 00028882
005 20260424123303.0
008 260424b ag ||||| |||| 00| 0 spa d
020 _a8441303047
040 _aAR-CcCEOS
_bspa
_cAR-CcCEOS
041 _aspa
080 _a960.3:7
090 _bDAV v.1
100 1 _aDavidson, Basil,
_d1914-2010
_91118
245 _aReinos africanos :
_bVolumen I /
_cBasil Davidson
264 _aBarcelona :
_bFolio,
_c1996.
300 _a79 p. ;
_c24x18 cm.
490 _vAtlas culturales del mundo
655 0 _aarte
_9138
942 _2udc
_cBK
_n0
999 _c28924
_d28924